Highest Rated FIFA 23 Player per Country - Statistics

General Stats
  • This quiz has been taken 52 times
    31 since last reset
  • The average score is 30 of 181
Answer Stats
Country Rating Club Answer % Correct
Argentina 99 Inter Miami Lionel Messi
88%
North Korea 70 Suwon Samsung Bluewings An Byong-Jun
83%
Algeria 95 Manchester City Riyad Mahrez
83%
France 99 Paris Saint-Germain Kylian Mbappé
75%
Belgium 99 Manchester City Kevin De Bruyne
71%
Egypt 96 Liverpool Mohamed Salah
67%
England 99 Bayern Munich Harry Kane
63%
Ghana 98 Ligue 1 Abedi Pelé
58%
Canada 95 Bayern Munich Alphnson Davies
58%
Portugal 99 Al-Nassr Cristiano Ronaldo
58%
England 99 Real Madrid Jude Bellingham
58%
Brazil 99 Paris Saint-Germain Neymar
58%
Brazil 99 Shapeshifters Icon Pelé
58%
Austria 97 Real Madrid David Alaba
54%
Croatia 97 Real Madrid Luka Modrić
54%
Chile 97 Inter Milan Alexis Sánchez
50%
Netherlands 98 Liverpool Virgil van Dijk
50%
Norway 99 Manchester City Erling Haaland
46%
Italy 99 Paris Saint-Germain Gianluigi Donnarumma
46%
South Korea 98 Bayern Munich Kim Min-Jae
46%
Hungary 95 Birthday Icon Ferenc Puskás
42%
Costa Rica 89 Nottingham Forest Keylor Navas
42%
Cameroon 96 Icon Samuel Eto'o
42%
England 99 Arsenal Declan Rice
38%
France 99 Al-Ittihad Karim Benzema
38%
Ecuador 97 Chelsea Moisés Caicedo
38%
France 99 Aston Villa Moussa Diaby
38%
Mauritania 66 Pau FC Pape Ibnou Ba
38%
Czech Republic 94 Shapeshifters Icon Petr Čech
38%
Poland 99 FC Barcelona Robert Lewandowski
38%
Côte d'Ivoire 97 Premier League Yaya Touré
38%
France 99 Chelsea Christopher Nkunku
33%
Bosnia and Herzegovina 90 Inter Milan Edin Džeko
33%
Burkina Faso 92 Bayer Leverkusen Edmond Tapsoba
33%
Armenia 96 Inter Milan Henrikh Mkhitaryan
33%
Algeria 95 AC Milan Ismaël Bennacer
33%
Malaysia 57 KV Kortrijk Luqman Hakim Shamsudin
33%
Iran 93 FC Porto Mehdi Taremi
33%
Gabon 94 Chelsea Pierre-Emerick Aubameyang
33%
Portugal 99 AC Milan Rafael Leão
33%
Nigeria 97 Napoli Victor Osimhen
33%
France 99 Cover Star Icon Zinedine Zidane
33%
Morocco 94 Paris Saint-Germain Achraf Hakimi
29%
Wales 93 Los Angeles FC Gareth Bale
29%
Northern Ireland 94 Birthday Icon George Best
29%
Romania 91 Icon Gheorghe Hagi
29%
Bulgaria 92 Icon Hristo Stoichkov
29%
Colombia 97 Serie A Iván Córdoba
29%
Georgia 96 Napoli Khvicha Kvaratskhelia
29%
Russia 94 Icon Lev Yashin
29%
Jamaica 89 West Ham United Michail Antonio
29%
Mexico 94 Wolverhampton Wanderers Raúl Jiménez
29%
France 99 Cover Star Icon Thierry Henry
29%
North Macedonia 87 Napoli Elif Elmas
25%
Central African Republic 82 Atlético Madrid Geoffrey Kondogbia
25%
Japan 97 Serie A Hidetoshi Nakata
25%
Mexico 94 Sevilla Jesús Corona
25%
Germany 99 Cover Star Icon Lothar Matthäus
25%
Guinea 81 Liverpool Naby Keïta
25%
Ireland 96 Major League Soccer Robbie Keane
25%
United States 97 AC Milan Christian Pulisic
21%
Angola 79 Club Brugge Clinton Mata
21%
Serbia 95 Juventus Dušan Vlahović
21%
Spain 98 Inter Miami Jordi Alba
21%
Senegal 96 Al Hilal Kalidou Koulibaly
21%
Dominican Republic 74 Real Madrid Mariano Díaz
21%
Democratic Republic of Congo 90 Marseille Chancel Mbemba
17%
Turkey 96 Inter Milan Hakan Çalhanoğlu
17%
Slovenia 97 Atlético Madrid Jan Oblak
17%
Israel 83 Fulham Manor Solomon
17%
Mozambique 85 Atlético Madrid Reinildo Mandava
17%
Saudi Arabia 97 Saudi Pro League Saeed Al-Owairan
17%
Denmark 94 Sevilla Thomas Delaney
17%
Greece 90 AZ Alkmaar Vangelis Pavlidis
17%
Albania 79 Atalanta BC Berat Djimsiti
13%
Mexico 94 LA Galaxy Javier Hernández
13%
Ukraine 97 Chelsea Mykhailo Mudryk
13%
Cuba 70 Norwich City Onel Hernández
13%
Uruguay 96 FC Barcelona Ronald Araújo
13%
Qatar 85 Qatar Akram Afif
8%
Honduras 75 Cádiz CF Anthony Lozano
8%
Uruguay 96 Valencia Edinson Cavani
8%
Australia 96 Süper Lig Harry Kewell
8%
Andorra 61 Villarreal/Villarreal B Iker Álvarez
8%
Cape Verde 76 Sporting Lisbon Jovane Cabral
8%
Kosovo 89 Galatasaray Milot Rashica
8%
Gambia 77 Bologna Musa Barrow
8%
Fiji 70 Bengaluru FC Roy Krishna
8%
Slovakia 91 Napoli Stanislav Lobotka
8%
Montenegro 88 Hertha Berlin Stevan Jovetić
8%
Gibraltar 59 Wycombe Wanderers Tjay De Barr
8%
Kenya 75 CF Montréal Victor Wanyama
8%
Switzerland 95 Chicago Fire Xherdan Shaqiri
8%
United States 97 AC Milan Yunus Musah
8%
Libya 79 SC Braga Al-Musrati
4%
Scotland 96 Morecambe Donald Love
4%
Uzbekistan 84 AS Roma Eldor Shomurodov
4%
Indonesia 58 Gillingham/Cheltenham Town Elkan Baggott
4%
Tunisia 85 1. FC Köln Ellyes Skhiri
4%
Philippines 74 VfL Bochum Gerrit Holtmann
4%
Luxembourg 79 Al-Wehda Gerson Rodrigues
4%
South Africa 94 Aarhus Gymnastikforening Gift Links
4%
Mali 91 Stade Rennais Hamari Traoré
4%
Sweden 94 AZ Alkmaar Jesper Karlsson
4%
Venezuela 78 Atlanta United/Inter Miami Josef Martínez
4%
Trinidad and Tobago 83 AEK Athens Levi García
4%
Azerbaijan 69 Dynamo Zagreb/Konyaspor Mahir Emreli
4%
Zimbabwe 75 Aston Villa/Luton Town Marvelous Nakamba
4%
Finland 93 FC Nordsjælland Oliver Antman
4%
New Zealand 85 Wellington Phoenix Oliver Sail
4%
Afghanistan 63 Brisbane Roar Rahmat Akbari
4%
Guatemala 67 Real Salt Lake Rubio Rubin
4%
Suriname 94 Union Berlin Sheraldo Becker
4%
Malta 75 Union Saint-Galloise Teddy Teuma
4%
Benin 83 FC Zürich Tosin Aiyegun
4%
South Sudan 50 Western United Ajak Deu
0%
Guam 63 New England Revolution AJ DeLaGarza
0%
Honduras 75 FC Bordeaux/Stade Brestois Alberth Elis
0%
Paraguay 90 Al-Taawoun Alejandro Romero
0%
Kazakhstan 68 Gaziantep FK Alexander Merkel
0%
Moldova 71 Başakşehir/Ümraniyespor Alexandru Epureanu
0%
El Salvador 90 Seattle Sounders Alex Roldán
0%
Ethiopia 61 Kristiansund BK Amin Askar
0%
Moldova 71 Pisa SC/Modena FC Artur Ioniță
0%
United Arab Emirates 72 Al Ain Bandar Mohammed
0%
Republic of Congo 74 RC Lens Brice Samba
0%
Haiti 71 SBV Vitesse Carlens Arcus
0%
Equatorial Guinea 75 San Jose Earthquake Carlos Akapo
0%
Bolivia 73 Atlético Tucumán Carlos Lampe
0%
Papua New Guinea 64 HJK Helsinki David Browne
0%
Uganda 73 Mamelodi Sundowns Denis Onyango
0%
Namibia 75 Orlando Pirates Deon Kavendji
0%
Lithuania 66 Cercle Brugge Edgaras Utkus
0%
Curaçao 73 Colombus Crew Eloy Room
0%
Lithuania 66 FC Arouca Emilijus Zubas
0%
Comoros 74 KV Kortrijk Faïz Selemani
0%
Zambia 81 Glasgow Rangers Fashion Sakala
0%
Peru 82 Cagliari Gianluca Lapadula
0%
Singapore 55 Wolverhampton Wanderers Harry Birtwistle
0%
Syria 68 IFK Göteborg/FC Seoul Hosam Aiesh
0%
Saint Lucia 66 Ipswich Town Janoi Donacien
0%
Belarus 63 Dynamo Dresden Jan Shcherbakovski
0%
Jamaica 89 Peterborough Jonson Clarke-Harris
0%
Estonia 66 FCSB Joonas Tamm
0%
Guinea 81 Paris FC Josuha Guilavogui
0%
Estonia 66 FC Zürich/FC St. Pauli Karol Mets
0%
Togo 83 Al Ain Kodjo Fo-Doh Laba
0%
Cyprus 72 Standard Liège Konstantinos Laifis
0%
India 75 Mumbai City Lallianzuala Chhangte
0%
Mauritius 65 Legia Warszawa Lindsay Rose
0%
Gibraltar 59 Blackburn Rovers/Dundalk FC Louie Annesley
0%
Montserrat 69 Nottingham Forest Lyle Taylor
0%
Liechtenstein 70 Ascoli Calcio Marcel Büchel
0%
Madagascar 73 Sporting Chaleroi Marco Ilaimaharitra
0%
Chad 64 RFC Seraing Marius Mouandilmadji
0%
Estonia 66 Rapid București Mattias Käit
0%
Tanzania 72 KRC Genk Mbwana Samatta
0%
Panama 73 RSC Anderlecht Michael Amir Murillo
0%
Sudan 66 MK Dons Mohamed Eisa
0%
Iraq 70 Hammarby IF/DC United Mohanad Jeahze
0%
Bermuda 68 Bristol City Nahki Wells
0%
Thailand 62 Odense Boldklub Nicholas Mickelson
0%
Antigua and Barbuda 77 Newport County Nick Townsend
0%
Lebanon 63 Sutton United Omar Bugiel
0%
Liberia 75 Slavia Praha Oscar Dorley
0%
Belarus 63 IFK Värnamo Pilip Vaitsiakhovich
0%
Saint Kitts and Nevis 71 Cardiff City Romaine Sawyers
0%
Honduras 75 CF Montréal Romell Quioto
0%
Grenada 69 Brentford Shandon Baptiste
0%
Sierra Leone 73 Fatih Karagümrük Steven Caulker
0%
Iceland 83 PAOK Sverrir Ingi Ingason
0%
Guyana 62 Stevenage Terence Vancooten
0%
Hong Kong 68 Dalian Pro Vas Nuñez
0%
Faroe Islands 72 Helsingborgs IF Viljormur Davidsen
0%
Latvia 76 Raków Częstochowa Vladislavs Gutkovskis
0%
China 73 Shanghai Port Yan Junling
0%
Belarus 63 Korona Kielce Yevgeniy Shikavka
0%
Burundi 79 Başakşehir Youssouf Ndayishimiye
0%
Puerto Rico 66 Houston Dynamo/Minnesota United Zarek Valentin
0%
Taiwan (Chinese Taipei) 69 Chengdu Rongcheng Zhou Dingyang
0%
Guinea-Bissau 78 Zulte Waregem Zinho Gano
0%
No matching quizzes found
Score Distribution
Percent of People with Each Score
Percentile by Number Answered
Your Score History
You have not taken this quiz since the last reset